Արթիկ / (Record no. 147482)
[ view plain ]
| 000 -LEADER | |
|---|---|
| fixed length control field | 01054nam a2200241 a 4500 |
| 001 - CONTROL NUMBER | |
| control field | 000388008 |
| 003 - CONTROL NUMBER IDENTIFIER | |
| control field | AM-YeHGA |
| 005 - DATE AND TIME OF LATEST TRANSACTION | |
| control field | 20250618072329.0 |
| 008 - FIXED-LENGTH DATA ELEMENTS--GENERAL INFORMATION | |
| fixed length control field | 041125s1984 ai |p||gr|||||||||0|arm|d |
| 040 ## - CATALOGING SOURCE | |
| Original cataloging agency | AM-YeHGA |
| 041 0# - LANGUAGE CODE | |
| Language code of text/sound track or separate title | arm |
| 090 ## - LOCALLY ASSIGNED LC-TYPE CALL NUMBER (OCLC); LOCAL CALL NUMBER (RLIN) | |
| -- | 148869 |
| 100 1# - MAIN ENTRY--PERSONAL NAME | |
| Personal name | Թամանյան, Յուլի Ալեքսանդրի |
| 9 (RLIN) | 6518 |
| 245 10 - TITLE STATEMENT | |
| Title | Արթիկ / |
| Statement of responsibility, etc. | Յու.Ա. Թամանյան ; Մասն. խմբ.՝ Վ.Մ. Հարությունյան ; ՀՍՍՀ Պատմ. և կուլտ. հուշ. պահպ. ընկ. |
| 246 1# - VARYING FORM OF TITLE | |
| Title proper/short title | Артик |
| 260 ## - PUBLICATION, DISTRIBUTION, ETC. | |
| Place of publication, distribution, etc. | Երևան : |
| Name of publisher, distributor, etc. | Հայաստան, |
| Date of publication, distribution, etc. | 1984. |
| 300 ## - PHYSICAL DESCRIPTION | |
| Extent | 4 ծալվ. թ. : |
| Other physical details | լուսանկ. ; |
| Dimensions | 18 սմ. |
| 650 14 - SUBJECT ADDED ENTRY--TOPICAL TERM | |
| Topical term or geographic name entry element | Ճարտարապետություն |
| General subdivision | Եկեղեցիներ, տաճարներ |
| 9 (RLIN) | 5293 |
| 651 #4 - SUBJECT ADDED ENTRY--GEOGRAPHIC NAME | |
| Geographic name | Արթիկ |
| 700 1# - ADDED ENTRY--PERSONAL NAME | |
| Personal name | Հարությունյան, Վարազդատ Մարտիրոսի, |
| Dates associated with a name | 1909-2008 |
| Relator term | խմբ. |
| Relationship | edt |
| 9 (RLIN) | 1194 |
| 710 2# - ADDED ENTRY--CORPORATE NAME | |
| Corporate name or jurisdiction name as entry element | Պատմության և կուլտուրայի հուշարձանների պահպանության ընկերություն ՀՍՍՀ |
| 942 ## - ADDED ENTRY ELEMENTS (KOHA) | |
| Source of classification or shelving scheme | Universal Decimal Classification |
| Koha item type | Գրքեր / Books |
| Withdrawn status | Lost status | Damaged status | Not for loan | Collection | Home library | Current library | Date acquired | Cost, normal purchase price | Total checkouts | Full call number | Barcode | Date last seen | Price effective from | Koha item type | Public note |
|---|---|---|---|---|---|---|---|---|---|---|---|---|---|---|---|
| General | Fundamental Scientific Library | Fundamental Scientific Library | 28/12/2016 | 45.00 | AI/17707 | FL0060603 | 28/12/2016 | 28/12/2016 | Գրքեր / Books | 30 Days Loan |
ՀՀ Գիտությունների ազգային ակադեմիայի հիմնարար գիտական գրադարան = Fundamental Scientific Library of NAS RA
All site content, except where otherwise noted, is licensed under a